Introduction to Research Methodology in Education: (Record no. 199763)

MARC details
000 -LEADER
fixed length control field 00694nam a22002057a 4500
005 - DATE AND TIME OF LATEST TRANSACTION
control field 20231221151732.0
010 ## - LCCN (DPL NO)
LC control number ENG-138704
020 ## - INTERNATIONAL STANDARD BOOK NUMBER
International Standard Book Number 9789389740059
Terms of availability 995.00
035 ## - SYSTEM CONTROL NUMBER
System control number EN-122236
037 ## - SOURCE OF ACQUISITION
Source of stock number/acquisition DBAD/PUB
082 ## - DEWEY DECIMAL CLASSIFICATION NUMBER
Classification number 370.72
Edition number 1
100 ## - MAIN ENTRY--PERSONAL NAME
Personal name Halder, Santoshi
245 ## - TITLE STATEMENT
Title Introduction to Research Methodology in Education:
Statement of responsibility, etc By Santoshi Halder and Bijan Sarkar
Remainder of title An Overview/
250 ## - EDITION STATEMENT
Edition statement 1
260 ## - PUBLICATION, DISTRIBUTION, ETC. (IMPRINT)
Place of publication, distribution, etc New Delhi
Name of publisher, distributor, etc Neelkamal Publications
Date of publication, distribution, etc 2020
270 ## - ADDRESS
Address 4764/1, 23, Ansari Road, Daryaganj,
City Delhi
Postal code 110002
Telephone number 011-23224237
-- 9811828953
300 ## - PHYSICAL DESCRIPTION
Extent x+204p.
Other physical details Index
Dimensions 25cm(hbk)
700 ## - ADDED ENTRY--PERSONAL NAME
Personal name Sarkar, Bijan
9 (RLIN) 60132
942 ## - ADDED ENTRY ELEMENTS (KOHA)
Source of classification or shelving scheme Dewey Decimal Classification
Item type English Books
Classification part 370.72
Call number suffix HAL
Edition 1
Holdings
Withdrawn status Lost status Not for loan Collection code Home library Current library Date acquired Source of acquisition Cost, normal purchase price Full call number Barcode Copy number Cost, replacement price Koha item type
      Non-fiction Ashok Vihar Ashok Vihar 21/12/2023 DBAD/PUB 995.00 370.72 HAL EN-122236 1 995.00 English Books

© Delhi Public Library
Hit Counter
free hit counter